[Event "2nd EUR-ch (w)"]
[Site "Warsaw POL"]
[Date "2001.04.23"]
[Round "2.9"]
[White "Stepovaya-Dianchenko, Tatiana"]
[Black "Pokorna, Regina"]
[Result "1-0"]
[WhiteElo "2440"]
[BlackElo "2376"]
[EventDate "2001.04.21"]
[PlyCount "133"]

1.e4 e5 2.Nf3 Nc6 3.Bb5 a6 4.Ba4 Nf6 5.O-O Be7 6.Re1 b5 7.Bb3 O-O 8.d3 d6 
9.c3 Na5 10.Bc2 c5 11.Nbd2 Re8 12.Nf1 h6 13.Ng3 Bf8 14.d4 cxd4 15.cxd4 Qc7
16.h3 Bd7 17.d5 Rec8 18.Re2 b4 19.Bd3 Nb7 20.Be3 Qa5 21.Nd2 Bb5 22.Nb3 Qd8
23.a4 Bc4 24.Bxc4 Rxc4 25.Nd2 Rcc8 26.Qb3 a5 27.Nc4 Nd7 28.Nf5 Kh7 29.Qd3 
Nbc5 30.Bxc5 Nxc5 31.Qf3 Ra7 32.b3 Qf6 33.Nfxd6 Bxd6 34.Qxf6 gxf6 35.Nxd6 
Rd8 36.Nb5 Rad7 37.Rb1 f5 38.f3 f6 39.Rc2 Nd3 40.Rd1 Nf4 41.h4 fxe4 42.
fxe4 Rg8 43.d6 Ne6 44.Rf1 Nf4 45.Kh2 Rdg7 46.Rc7 Rxc7 47.dxc7 Rxg2+ 48.Kh1
Rc2 49.Rd1 Ne6 50.Rd6 Nd4 51.Rxf6 Nxb5 52.axb5 Rxc7 53.b6 Rc5 54.h5 Rb5 
55.Rd6 Kg7 56.Kg2 Rc5 57.Kf3 Rc8 58.b7 Rb8 59.Rb6 Kf8 60.Kg4 Ke8 61.Rxh6 
Kd7 62.Rb6 Kc7 63.Rb5 Kc6 64.Rxa5 Rxb7 65.Rxe5 Kd6 66.Rg5 Ke6 67.h6 1-0

[Event "2nd EUR-ch (w)"]
[Site "Warsaw POL"]
[Date "2001.04.23"]
[Round "2.10"]
[White "Calzetta Ruiz, Monica"]
[Black "Vasylevich, Tatiana"]
[Result "0-1"]
[WhiteElo "2310"]
[BlackElo "2438"]
[EventDate "2001.04.21"]
[PlyCount "96"]

1.e4 c5 2.Nf3 e6 3.d4 cxd4 4.Nxd4 Nf6 5.Nc3 d6 6.Be3 a6 7.g4 h6 8.h3 b5 9.
Bg2 Bb7 10.a3 Nbd7 11.Qe2 Nc5 12.f3 Rc8 13.h4 g6 14.Rd1 Qc7 15.Kf2 e5 16.
Ncxb5 axb5 17.Nxb5 Ncxe4+ 18.fxe4 Qxc2 19.Qxc2 Rxc2+ 20.Rd2 Nxg4+ 21.Ke2 
Nxe3 22.Kxe3 Rxd2 23.Kxd2 h5 24.b4 Bh6+ 25.Kc3 Ke7 26.Kb3 Rc8 27.Rd1 Rc1 
28.Rxc1 Bxc1 29.a4 f5 30.Nc3 Bd2 31.Nd5+ Bxd5+ 32.exd5 Kd8 33.Kc4 Kc7 34.
a5 Be1 35.Bf1 e4 36.Kb3 Bxh4 37.b5 Bf2 38.b6+ Bxb6 39.axb6+ Kxb6 40.Kc4 g5
41.Kd4 h4 42.Bh3 g4 43.Bg2 h3 44.Bf1 Ka5 45.Ke3 Kb4 46.Kd4 Kb3 47.Ke3 Kc3 
48.Kf4 Kd4 0-1

[Event "2nd EUR-ch (w)"]
[Site "Warsaw POL"]
[Date "2001.04.23"]
[Round "2.11"]
[White "Alexandrova, Olga"]
[Black "Mashinskaya, Yulia"]
[Result "1/2-1/2"]
[WhiteElo "2419"]
[BlackElo "2318"]
[EventDate "2001.04.21"]
[PlyCount "127"]

1.d4 d5 2.c4 c6 3.Nc3 Nf6 4.e3 g6 5.Nf3 Bg7 6.Be2 O-O 7.O-O dxc4 8.Bxc4 
Bg4 9.h3 Bxf3 10.Qxf3 Nbd7 11.Rd1 e5 12.e4 exd4 13.Rxd4 Qb6 14.Qd1 Nd5 15.
Ne2 Bxd4 16.Nxd4 N5f6 17.Be3 Qb4 18.Rc1 Qe7 19.f3 Rfd8 20.Qe1 Ne5 21.Be2 
c5 22.Nb3 b6 23.Bg5 h6 24.Bxh6 Nh5 25.Qc3 g5 26.h4 Ng3 27.Bc4 Kh7 28.Bxg5 
f6 29.Bf4 Qg7 30.Re1 Nh5 31.Bxe5 fxe5 32.Be6 Nf4 33.Bf5+ Kh8 34.Qc2 Rg8 
35.Bg4 Rad8 36.Nc1 Qf6 37.Qf2 Rg7 38.Kf1 Qc6 39.Qc2 Qf6 40.Qf2 Rf8 41.Re3 
Qd6 42.g3 Rxg4 43.gxf4 Rgxf4 44.Nd3 R4f6 45.Qg3 Qd4 46.Ke2 c4 47.Nxe5 Rd8 
48.Kf2 Qxb2+ 49.Re2 Qd4+ 50.Kg2 Rg8 51.Ng4 Rfg6 52.Kh3 c3 53.Qc7 Rxg4 54.
fxg4 Qd3+ 55.Qg3 Qxe2 56.Qe5+ Kh7 57.Qh5+ Kg7 58.Qe5+ Kf7 59.Qd5+ Kf8 60.
Qd6+ Kf7 61.Qd7+ Kf6 62.Qd6+ Kg7 63.Qe7+ Kh8 64.Qe5+ 1/2-1/2

[Event "2nd EUR-ch (w)"]
[Site "Warsaw POL"]
[Date "2001.04.23"]
[Round "2.12"]
[White "Popova, Natalia"]
[Black "Hunt, Harriet"]
[Result "0-1"]
[WhiteElo "2308"]
[BlackElo "2426"]
[EventDate "2001.04.21"]
[PlyCount "116"]

1.e4 c5 2.Nf3 d6 3.d4 cxd4 4.Nxd4 Nf6 5.Nc3 a6 6.Be2 e5 7.Nb3 Be7 8.O-O 
O-O 9.a4 Nc6 10.Be3 Be6 11.a5 Bxb3 12.cxb3 Nxa5 13.Nd5 Nc6 14.Bb6 Qd7 15.
Nxf6+ Bxf6 16.Bg4 Qe7 17.Qd5 g6 18.Rac1 h5 19.Bh3 a5 20.Rc4 Ra6 21.Be3 Rd8
22.g3 h4 23.Re1 hxg3 24.hxg3 Bg5 25.f4 Bh6 26.Bg2 Rd7 27.Rd1 Qf6 28.Qd2 
Rd8 29.Rcc1 Nb4 30.Rc7 Rc6 31.Rxc6 Nxc6 32.Bb6 Rd7 33.Bh3 Re7 34.fxe5 Qg7 
35.Qxd6 Qxe5 36.Qxe5 Rxe5 37.Bd7 Rb5 38.Bxc6 bxc6 39.Rd8+ Kh7 40.Bd4 Bg7 
41.Bxg7 Kxg7 42.Rd3 Rb4 43.Re3 Kf6 44.Rc3 Ke5 45.Kf2 Kxe4 46.Ke2 Kd5 47.
Ke3 Re4+ 48.Kf2 f5 49.Rc1 Rb4 50.Rc3 c5 51.Ke3 g5 52.Kf3 Kd4 53.Re3 Kd5 
54.Rc3 g4+ 55.Ke3 Re4+ 56.Kf2 Rd4 57.Ke2 Kc6 58.Re3 Re4 0-1

[Event "2nd EUR-ch (w)"]
[Site "Warsaw POL"]
[Date "2001.04.23"]
[Round "2.13"]
[White "Lagvilava, Genrieta"]
[Black "Foisor, Cristina"]
[Result "0-1"]
[WhiteElo "2300"]
[BlackElo "2408"]
[EventDate "2001.04.21"]
[PlyCount "116"]

1.e4 d6 2.d4 Nf6 3.Nc3 g6 4.Be2 c6 5.h4 h5 6.Nf3 b5 7.a3 Bg7 8.Ng5 a6 9.
Bf4 O-O 10.O-O Bb7 11.Bf3 e6 12.Qe2 Qe7 13.e5 dxe5 14.dxe5 Nd5 15.Nxd5 
cxd5 16.Rfe1 Rc8 17.c3 Nd7 18.Rad1 Rc4 19.g3 a5 20.Rd4 Rac8 21.Red1 b4 22.
axb4 axb4 23.cxb4 Qxb4 24.Rxc4 Rxc4 25.Bg2 Nc5 26.Be3 Nb3 27.Ba7 Rc7 28.
Bb8 Rd7 29.Bd6 Qa4 30.Bf3 Nd4 31.Rxd4 Qxd4 32.Qb5 Bc8 33.Qb8 Qc4 34.b4 Qa6
35.b5 Qb7 36.b6 Qxb8 37.Bxb8 Rb7 38.Bc7 Rxc7 39.bxc7 Bxe5 40.Be2 Bxc7 41.
f4 f6 42.Nf3 Kf7 43.Bb5 Bb7 44.Kf2 e5 45.fxe5 fxe5 46.Ng5+ Ke7 47.Be2 e4 
48.g4 hxg4 49.Bxg4 d4 50.Ke2 Bd5 51.Kf2 Bf4 52.Nh3 Be3+ 53.Kg3 Kf6 54.Nf4 
Bf7 55.h5 Ke5 56.Kg2 Bxf4 57.Kf1 d3 58.Kf2 Bg5 0-1

[Event "2nd EUR-ch (w)"]
[Site "Warsaw POL"]
[Date "2001.04.23"]
[Round "2.15"]
[White "Olarasu, Gabriela"]
[Black "Manakova, Maria"]
[Result "1-0"]
[WhiteElo "2278"]
[BlackElo "2395"]
[EventDate "2001.04.21"]
[PlyCount "55"]

1.d4 d5 2.Nf3 Nf6 3.c4 e6 4.Nc3 Be7 5.Bg5 O-O 6.e3 Nbd7 7.Bd3 dxc4 8.Bxc4 
a6 9.a4 b6 10.O-O Bb7 11.Qe2 Nd5 12.Bxe7 Qxe7 13.e4 Nxc3 14.bxc3 e5 15.
Rfe1 a5 16.Bb5 exd4 17.cxd4 Nf6 18.d5 Nd7 19.Qc4 Qc5 20.Qa2 Qe7 21.Nd4 Ne5
22.Rac1 Rac8 23.f4 Ng4 24.Nf5 Qd8 25.Qa3 g6 26.Ne7+ Kg7 27.Qc3+ Nf6 28.
Nxc8 1-0

[Event "2nd EUR-ch (w)"]
[Site "Warsaw POL"]
[Date "2001.04.23"]
[Round "2.19"]
[White "Fomina, Tatjana"]
[Black "Polovnikova, Ekaterina"]
[Result "0-1"]
[WhiteElo "2278"]
[BlackElo "2377"]
[EventDate "2001.04.21"]
[PlyCount "102"]

1.d4 Nf6 2.Nc3 d5 3.Bg5 Nbd7 4.e3 e6 5.Bd3 Be7 6.Nf3 c5 7.O-O O-O 8.Re1 b6
9.Ne5 Nxe5 10.dxe5 Nd7 11.Bxe7 Qxe7 12.f4 f6 13.exf6 Nxf6 14.Be2 Bb7 15.
Bf3 Rad8 16.Qe2 e5 17.g3 Rfe8 18.Rad1 Qf7 19.Qf2 exf4 20.exf4 d4 21.Nb5 
Bxf3 22.Qxf3 Rxe1+ 23.Rxe1 a6 24.Na3 b5 25.b3 Qc7 26.Nb1 Qa5 27.Qd1 Qxa2 
28.Nd2 d3 29.cxd3 Rxd3 30.Qe2 Rd6 31.Ne4 Qxe2 32.Nxf6+ gxf6 33.Rxe2 Rd3 
34.Rb2 Kf7 35.Kf2 Ke6 36.Ke2 Rc3 37.Kd2 b4 38.Ra2 Rxb3 39.Rxa6+ Kd5 40.Kc2
Rf3 41.Rxf6 Kc4 42.Re6 Rf2+ 43.Kb1 b3 44.h4 Kc3 45.Re3+ Kb4 46.Re7 c4 47.
Re4 Kc3 48.Re3+ Kd2 49.Re7 c3 50.Rd7+ Ke2 51.Re7+ Kd1 0-1

[Event "2nd EUR-ch (w)"]
[Site "Warsaw POL"]
[Date "2001.04.23"]
[Round "2.20"]
[White "Zielinska, Marta"]
[Black "Kiseleva, Natalia"]
[Result "0-1"]
[WhiteElo "2377"]
[BlackElo "2296"]
[EventDate "2001.04.21"]
[PlyCount "62"]

1.d4 d5 2.c4 e6 3.Nc3 c6 4.e3 Bd6 5.Qc2 f5 6.Bd3 Nf6 7.f3 O-O 8.Nge2 Kh8 
9.Bd2 dxc4 10.Bxc4 b5 11.Bd3 Na6 12.a3 Bb7 13.b4 Nc7 14.Nd1 Qe7 15.Qb3 Nd7
16.Nf2 a5 17.e4 e5 18.O-O exd4 19.Nxd4 Qe5 20.f4 Qxd4 21.Bc3 Qa7 22.Qb2 
Rf7 23.Kh1 Bxf4 24.Nh3 Bh6 25.Qe2 Raf8 26.Rf3 c5 27.Raf1 c4 28.Bb1 Qa8 29.
g4 Ne6 30.gxf5 Ng5 31.Qe3 Nxe4 0-1

[Event "2nd EUR-ch (w)"]
[Site "Warsaw POL"]
[Date "2001.04.23"]
[Round "2.21"]
[White "Melamed, Tetyana"]
[Black "Zayats, Elena"]
[Result "0-1"]
[WhiteElo "2273"]
[BlackElo "2376"]
[EventDate "2001.04.21"]
[PlyCount "132"]

1.e4 e5 2.Nf3 Nc6 3.Bb5 a6 4.Ba4 Nf6 5.d3 d6 6.c3 g6 7.O-O Bg7 8.Re1 O-O 
9.Nbd2 Nd7 10.Nf1 Nc5 11.Bc2 Ne6 12.Ng3 d5 13.Bb3 d4 14.Bxe6 Bxe6 15.c4 h6
16.Bd2 a5 17.b3 Kh7 18.a3 Qe7 19.Qe2 b6 20.h3 Rfb8 21.Rec1 Bd7 22.Nh2 b5 
23.Ra2 bxc4 24.bxc4 Rb3 25.Rca1 Nd8 26.Qe1 a4 27.Qe2 Ne6 28.Nf3 Rab8 29.
Kh2 Rb2 30.Qd1 Rxa2 31.Rxa2 Rb3 32.Bc1 Nc5 33.Ne1 Qf6 34.f3 Rb1 35.Qc2 Qb6
36.Ne2 Qb3 37.Rb2 Qxc2 38.Rxc2 Nb3 39.f4 exf4 40.Nf3 g5 41.Bb2 Rd1 42.
Nexd4 Rxd3 43.Nb5 Bxb2 44.Rxb2 Bxb5 45.cxb5 Re3 46.Ne5 Kg7 47.Nd7 Nd4 48.
b6 cxb6 49.Nxb6 Rxa3 50.Rb4 Ne2 51.Rxa4 Rb3 52.Nc4 Ng3 53.Nd6 Rb1 54.Nf5+ 
Nxf5 55.exf5 Rb5 56.h4 Rxf5 57.hxg5 hxg5 58.Kh3 Kg6 59.Kg4 Rb5 60.Ra6+ f6 
61.Kf3 Rb3+ 62.Kf2 g4 63.Ra2 Kg5 64.Rc2 Kh4 65.Ra2 f3 66.g3+ Kh3 0-1

[Event "2nd EUR-ch (w)"]
[Site "Warsaw POL"]
[Date "2001.04.23"]
[Round "2.22"]
[White "Tereladze, Sopiko"]
[Black "Gaponenko, Inna"]
[Result "0-1"]
[WhiteElo "2267"]
[BlackElo "2373"]
[EventDate "2001.04.21"]
[PlyCount "80"]

1.e4 c5 2.Nf3 d6 3.d4 cxd4 4.Qxd4 Nf6 5.Nc3 Nc6 6.Bb5 Bd7 7.Bxc6 Bxc6 8.
Bg5 e6 9.O-O-O Be7 10.Kb1 O-O 11.Rhe1 Qa5 12.Qd2 Qa6 13.Nd4 Rfc8 14.f3 Be8
15.g4 Rc4 16.Be3 Rac8 17.h4 Bf8 18.g5 Nd7 19.h5 Nb6 20.Nde2 Na4 21.Rc1 d5 
22.exd5 Rxc3 23.Nxc3 Rxc3 24.Ka1 Rc8 25.c3 Rd8 26.g6 hxg6 27.hxg6 Rxd5 28.
Bd4 Nc5 29.Qh2 fxg6 30.Bxc5 Rxc5 31.Qb8 Bb5 32.Rcd1 Bc4 33.a3 Rd5 34.Rxd5 
Bxd5 35.Rh1 Qc4 36.Kb1 Qa2+ 37.Kc2 Bb3+ 38.Kd3 Qxb2 39.Rh2 Qb1+ 40.Ke3 Bd5
0-1

[Event "2nd EUR-ch (w)"]
[Site "Warsaw POL"]
[Date "2001.04.23"]
[Round "2.23"]
[White "Danielian, Elina"]
[Black "Zakurdyaeva, Irina"]
[Result "1-0"]
[WhiteElo "2369"]
[BlackElo "2282"]
[EventDate "2001.04.21"]
[PlyCount "61"]

1.Nf3 c5 2.g3 d5 3.Bg2 Nf6 4.O-O Nc6 5.d4 cxd4 6.Nxd4 e6 7.c4 Be7 8.Nc3 
O-O 9.cxd5 exd5 10.b3 Re8 11.Bb2 Bc5 12.Nxc6 bxc6 13.Qc2 Bf8 14.Rfd1 Bg4 
15.Rd2 Qc8 16.e4 dxe4 17.Nxe4 Nd5 18.Qc4 Qe6 19.Rd4 Qg6 20.Nd6 Qxd6 21.
Rxg4 Re6 22.Qd4 Nf6 23.Qxd6 Bxd6 24.Rc4 Rc8 25.Bh3 Nd5 26.Rac1 Ne7 27.Bxe6
fxe6 28.Re1 Kf7 29.Rce4 Rd8 30.Rxe6 Bb4 31.R1e2 1-0

[Event "2nd EUR-ch (w)"]
[Site "Warsaw POL"]
[Date "2001.04.23"]
[Round "2.26"]
[White "Dworakowska, Joanna"]
[Black "Trabert, Bettina"]
[Result "1-0"]
[WhiteElo "2360"]
[BlackElo "2269"]
[EventDate "2001.04.21"]
[PlyCount "47"]

1.e4 e5 2.Nf3 Nc6 3.d4 exd4 4.Nxd4 Nf6 5.Nxc6 bxc6 6.e5 Qe7 7.Qe2 Nd5 8.c4
Ba6 9.b3 g6 10.f4 Bg7 11.Qf2 Nb4 12.a3 Bxe5 13.fxe5 Qxe5+ 14.Kd1 Qxa1 15.
axb4 Qxb1 16.Qe3+ Kd8 17.Qc3 Re8 18.Bd3 Qa2 19.Bb2 Bxc4 20.bxc4 a5 21.Kd2 
Re6 22.Ra1 axb4 23.Qh8+ Ke7 24.Rxa2 1-0

[Event "2nd EUR-ch (w)"]
[Site "Warsaw POL"]
[Date "2001.04.23"]
[Round "2.28"]
[White "Tallova, Ivana"]
[Black "Graf-Mamedova, Rena"]
[Result "0-1"]
[WhiteElo "2108"]
[BlackElo "2353"]
[EventDate "2001.04.21"]
[PlyCount "80"]

1.d4 e6 2.e4 d5 3.Nc3 Bb4 4.exd5 exd5 5.Bb5+ Nc6 6.Ne2 Bg4 7.O-O Ne7 8.f3 
Bf5 9.Ng3 Bg6 10.f4 Qd7 11.Qf3 Bxc2 12.f5 O-O-O 13.Qf2 Be4 14.f6 gxf6 15.
Qxf6 Bg6 16.Bg5 a6 17.Ba4 Rhe8 18.Rac1 Qd6 19.Qf2 Ba5 20.Nce2 b5 21.Bb3 
Bb6 22.Kh1 Rd7 23.Qg1 f5 24.Rc3 Kb7 25.Rfc1 Rf8 26.Bf4 Qf6 27.Rd3 h5 28.a4
h4 29.axb5 axb5 30.Nf1 Bh5 31.Bd1 Bxe2 32.Bxe2 Nxd4 33.Rxd4 Bxd4 34.Be3 
Bxe3 35.Qxe3 c6 36.Qb3 Qd4 37.Rd1 Qa4 38.Qc3 d4 39.Qc5 Rc8 40.Rc1 Rd5 0-1

[Event "2nd EUR-ch (w)"]
[Site "Warsaw POL"]
[Date "2001.04.23"]
[Round "2.29"]
[White "Mkrtchian, Lilit"]
[Black "Sudakova, Irina"]
[Result "1/2-1/2"]
[WhiteElo "2344"]
[BlackElo "2256"]
[EventDate "2001.04.21"]
[PlyCount "85"]

1.e4 c5 2.Nf3 d6 3.c3 Nf6 4.Be2 g6 5.O-O Bg7 6.Re1 O-O 7.Bf1 Nc6 8.a3 Bg4 
9.h3 Bd7 10.d4 cxd4 11.cxd4 d5 12.e5 Ne4 13.Nbd2 Nxd2 14.Bxd2 Qb6 15.Bc3 
Rfc8 16.Qd2 a5 17.b4 a4 18.Rac1 Na7 19.Bb2 e6 20.Qf4 Qd8 21.h4 h6 22.Bd3 
Bb5 23.Bb1 Rxc1 24.Bxc1 Rc8 25.Bd2 Rc7 26.h5 gxh5 27.Qh2 Be8 28.Qg3 Kh8 
29.Nh2 Nb5 30.Qd3 Kg8 31.Qh7+ Kf8 32.Bxh6 Bxh6 33.Qxh6+ Ke7 34.Qxh5 Kd7 
35.Nf3 Nxa3 36.Bd3 Nc4 37.Ra1 Kc8 38.Re1 Kb8 39.Qh8 Qc8 40.Be2 Nb6 41.Qh4 
Bb5 42.Qh7 Qf8 43.Bd3 1/2-1/2

[Event "2nd EUR-ch (w)"]
[Site "Warsaw POL"]
[Date "2001.04.23"]
[Round "2.31"]
[White "Radziewicz, Iweta"]
[Black "Dzagnidze, Nana"]
[Result "1-0"]
[WhiteElo "2345"]
[BlackElo "2241"]
[EventDate "2001.04.21"]
[PlyCount "129"]

1.d4 d5 2.c4 c6 3.Nc3 Nf6 4.e3 a6 5.Qc2 b5 6.cxd5 cxd5 7.a4 b4 8.Na2 e6 9.
Bd2 a5 10.Nf3 Bd6 11.Bd3 O-O 12.O-O Ba6 13.Nc1 Qe7 14.Bxa6 Rxa6 15.Nb3 
Nbd7 16.Rfc1 Ne4 17.Qd3 Raa8 18.Rc6 Rfb8 19.Ra6 Bc7 20.Be1 Rxa6 21.Qxa6 
Qd6 22.Qxd6 Nxd6 23.Rc1 Rc8 24.Nbd2 Nc4 25.b3 Ncb6 26.Kf1 Bb8 27.Rxc8+ 
Nxc8 28.Ke2 f6 29.Nf1 Kf7 30.N3d2 e5 31.f3 Nd6 32.g4 Ba7 33.Kd3 f5 34.Bg3 
Ke6 35.Bxe5 Nxe5+ 36.dxe5 Kxe5 37.gxf5 Nxf5 38.e4 Ne7 39.Ng3 g5 40.Ne2 Nc6
41.h3 h6 42.f4+ Kd6 43.Nf3 gxf4 44.Nxf4 dxe4+ 45.Kxe4 Ne7 46.Ne5 Nc6 47.
Nc4+ Kd7 48.h4 Bf2 49.h5 Bg3 50.Ne2 Bh4 51.Nd4 Nxd4 52.Kxd4 Bd8 53.Kc5 Ke6
54.Kb5 Kf5 55.Nxa5 Kg5 56.Nc6 Bc7 57.a5 Bxa5 58.Kxa5 Kxh5 59.Kxb4 Kg4 60.
Kc4 h5 61.Ne5+ Kf5 62.Kd4 Kf4 63.b4 Kf5 64.Nf3 Kg4 65.Ke4 1-0

[Event "2nd EUR-ch (w)"]
[Site "Warsaw POL"]
[Date "2001.04.23"]
[Round "2.32"]
[White "Kovalevskaya, Ekaterina"]
[Black "Chmielinska, Alicja"]
[Result "1-0"]
[WhiteElo "2506"]
[BlackElo "2047"]
[EventDate "2001.04.21"]
[PlyCount "41"]

1.e4 e5 2.Nf3 Nc6 3.Bb5 a6 4.Ba4 Nf6 5.O-O Be7 6.d3 b5 7.Bb3 O-O 8.a4 Bb7 
9.Nc3 b4 10.Nd5 Na5 11.Nxe7+ Qxe7 12.Ba2 c5 13.Qe1 d6 14.Nh4 d5 15.Bg5 h6 
16.Nf5 Qd8 17.Bh4 dxe4 18.dxe4 Qb6 19.f3 Rad8 20.Qg3 c4+ 21.Kh1 1-0

[Event "2nd EUR-ch (w)"]
[Site "Warsaw POL"]
[Date "2001.04.23"]
[Round "2.33"]
[White "Khurtsidze, Nino"]
[Black "Hernandez Estevez, Yudania"]
[Result "1-0"]
[WhiteElo "2456"]
[BlackElo "2265"]
[EventDate "2001.04.21"]
[PlyCount "47"]

1.d4 d5 2.c4 c6 3.Nf3 Nf6 4.e3 a6 5.Qc2 b5 6.b3 e6 7.Bd3 Be7 8.O-O Bb7 9.
Nbd2 Nbd7 10.c5 Nf8 11.Ne5 N6d7 12.f4 f6 13.Nef3 Qc7 14.Bb2 a5 15.e4 Kf7 
16.f5 b4 17.Ng5+ fxg5 18.fxe6+ Kg8 19.exd7 Nxd7 20.Rae1 Bf6 21.e5 Be7 22.
Ne4 Ba6 23.Bxa6 Rxa6 24.Qf2 1-0

[Event "2nd EUR-ch (w)"]
[Site "Warsaw POL"]
[Date "2001.04.23"]
[Round "2.36"]
[White "Galianina-Ryanova, Yulia"]
[Black "Tsoganova, Monika"]
[Result "1-0"]
[WhiteElo "2389"]
[BlackElo "2239"]
[EventDate "2001.04.21"]
[PlyCount "101"]

1.d4 Nf6 2.c4 e6 3.Nc3 Bb4 4.e3 c5 5.Ne2 O-O 6.a3 cxd4 7.axb4 dxc3 8.Nxc3 
d5 9.cxd5 exd5 10.b5 Bg4 11.Qd4 a5 12.Bd3 Qd6 13.b3 Re8 14.Bb2 Nbd7 15.Ne4
Rxe4 16.Bxe4 Nc5 17.Bc2 Ne6 18.Qd2 d4 19.O-O b6 20.Bxd4 Nxd4 21.Qxd4 Qxd4 
22.exd4 Be2 23.Rfe1 Bxb5 24.Rad1 g6 25.h3 Rc8 26.Bd3 Bxd3 27.Rxd3 Nd5 28.
Re5 Rd8 29.Rd1 Kg7 30.g3 h5 31.Kg2 h4 32.gxh4 Kf6 33.h5 Nf4+ 34.Kf3 Nxh5 
35.Rb5 Rd6 36.d5 Ke7 37.b4 axb4 38.Rxb4 Nf6 39.Rb5 Nd7 40.Ke4 f5+ 41.Kd4 
Kf6 42.f4 g5 43.fxg5+ Kxg5 44.Rc1 Nc5 45.Ke5 Rd8 46.Rg1+ Kh4 47.d6 Kxh3 
48.Kd5 Nd7 49.Kc6 Kh2 50.Rg7 Nf6 51.Rxf5 1-0

[Event "2nd EUR-ch (w)"]
[Site "Warsaw POL"]
[Date "2001.04.23"]
[Round "2.39"]
[White "Shumiakina, Tatiana"]
[Black "Benderac, Ana"]
[Result "1-0"]
[WhiteElo "2376"]
[BlackElo "2230"]
[EventDate "2001.04.21"]
[PlyCount "49"]

1.d4 Nf6 2.c4 e6 3.g3 d5 4.Nf3 c6 5.Bg2 Nbd7 6.O-O Bd6 7.b3 O-O 8.Bb2 Ne4 
9.Nbd2 f5 10.Ne1 Nxd2 11.Qxd2 b5 12.c5 Bc7 13.a4 a5 14.axb5 cxb5 15.Nd3 
Nb8 16.f3 Bb7 17.e4 fxe4 18.fxe4 Rxf1+ 19.Rxf1 dxe4 20.Nf2 Bd5 21.Nxe4 Ra6
22.Qe2 Qe8 23.Nf6+ gxf6 24.Bxd5 Qd7 25.Qg4+ 1-0

[Event "2nd EUR-ch (w)"]
[Site "Warsaw POL"]
[Date "2001.04.23"]
[Round "2.40"]
[White "Grabuzova, Tatiana"]
[Black "Partac, Elena"]
[Result "1-0"]
[WhiteElo "2375"]
[BlackElo "2216"]
[EventDate "2001.04.21"]
[PlyCount "100"]

1.b3 e5 2.Bb2 Nc6 3.e3 g6 4.Bb5 Bg7 5.Nf3 Nge7 6.d4 exd4 7.Bxd4 O-O 8.O-O 
a6 9.Be2 d6 10.c4 Bxd4 11.Nxd4 Nxd4 12.Qxd4 Nf5 13.Qc3 Bd7 14.Nd2 Bc6 15.
Bf3 Bxf3 16.Nxf3 Nh4 17.Nxh4 Qxh4 18.Rfd1 Rad8 19.Rd2 Rfe8 20.Rad1 Qe7 21.
Rd5 c6 22.R5d3 Rd7 23.e4 Red8 24.f3 f6 25.b4 Kf7 26.a4 Ke8 27.Qb3 Qe5 28.
c5 Ke7 29.Qc4 dxc5 30.Rxd7+ Rxd7 31.Rxd7+ Kxd7 32.bxc5 Qa1+ 33.Kf2 Qb1 34.
g3 Qb2+ 35.Ke3 Qe5 36.f4 Qe7 37.Kf3 Kc7 38.Qd4 Qe6 39.h3 h5 40.e5 Qb3+ 41.
Kf2 fxe5 42.fxe5 Qa2+ 43.Kf3 Qb3+ 44.Kf4 Qf7+ 45.Kg5 Qf5+ 46.Kh6 Kc8 47.
Qd6 g5 48.Kg7 Qc2 49.e6 Qb2+ 50.Kf7 Qa1 1-0

[Event "2nd EUR-ch (w)"]
[Site "Warsaw POL"]
[Date "2001.04.23"]
[Round "2.41"]
[White "Grabics, Monika"]
[Black "Grabarska, Barbara"]
[Result "1/2-1/2"]
[WhiteElo "2354"]
[BlackElo "2213"]
[EventDate "2001.04.21"]
[PlyCount "106"]

1.e4 c5 2.Nf3 e6 3.d4 cxd4 4.Nxd4 Nc6 5.Nb5 d6 6.Bf4 e5 7.Be3 a6 8.N5c3 
Nf6 9.Bc4 Be7 10.Nd5 Nxd5 11.Bxd5 O-O 12.Qd2 Kh8 13.O-O f5 14.exf5 Bxf5 
15.Nc3 Qe8 16.Ne4 Qg6 17.f3 Be6 18.c4 Rac8 19.Rac1 Qf7 20.Rfd1 Bxd5 21.
cxd5 Nb8 22.Rxc8 Rxc8 23.Rc1 Qe8 24.Bg5 Rxc1+ 25.Qxc1 Bxg5 26.Nxg5 h6 27.
Ne6 Qd7 28.Qc7 Qxc7 29.Nxc7 Kg8 30.Ne8 b5 31.Nxd6 Nd7 32.Ne8 Kf7 33.Nc7 
Nc5 34.Kf1 Nd3 35.b3 Ke7 36.Ke2 Nf4+ 37.Ke3 Kd6 38.Nxa6 Nxd5+ 39.Kd2 Kc6 
40.a3 Kb6 41.Nb4 Nxb4 42.axb4 Kc6 43.Kd3 Kd5 44.Ke3 g5 45.Kd3 h5 46.Ke3 
Kd6 47.Ke4 Ke6 48.Ke3 Kd5 49.Kd3 Kd6 50.Ke4 Ke6 51.Ke3 Kd5 52.Kd3 Kd6 53.
Ke4 Ke6 1/2-1/2

[Event "2nd EUR-ch (w)"]
[Site "Warsaw POL"]
[Date "2001.04.23"]
[Round "2.42"]
[White "Socko, Monika"]
[Black "Kharashkina, Bairta"]
[Result "1-0"]
[WhiteElo "2351"]
[BlackElo "2173"]
[EventDate "2001.04.21"]
[PlyCount "69"]

1.d4 d5 2.c4 e6 3.Nc3 Nf6 4.Bg5 Be7 5.cxd5 exd5 6.e3 c6 7.Qc2 Nbd7 8.Bd3 
Nf8 9.Nge2 Ne6 10.Bh4 g6 11.f3 O-O 12.O-O-O c5 13.dxc5 Nxc5 14.Bc4 Be6 15.
Bxf6 Bxf6 16.Bxd5 Qa5 17.Kb1 Bd7 18.h4 Rac8 19.h5 Bf5 20.e4 Bd7 21.hxg6 
hxg6 22.Qd2 Bg7 23.Qg5 Qb6 24.Rd2 Rfd8 25.Qf4 Ne6 26.Bxe6 Bxe6 27.Rhd1 
Rxd2 28.Qxd2 Qf2 29.Nd4 Bxd4 30.Qxd4 Qxg2 31.Qf6 b5 32.a3 Bb3 33.Re1 Qc2+ 
34.Ka1 a5 35.Rh1 1-0

[Event "2nd EUR-ch (w)"]
[Site "Warsaw POL"]
[Date "2001.04.23"]
[Round "2.43"]
[White "Demina, Yulia"]
[Black "Georgieva, Liubka"]
[Result "1/2-1/2"]
[WhiteElo "2350"]
[BlackElo "2162"]
[EventDate "2001.04.21"]
[PlyCount "100"]

1.d4 Nf6 2.c4 g6 3.Nf3 Bg7 4.g3 O-O 5.Bg2 d6 6.O-O Nbd7 7.Qc2 e5 8.Rd1 Re8
9.e4 exd4 10.Nxd4 Nc5 11.Nc3 Bg4 12.f3 Bd7 13.Be3 Qc8 14.Bf2 h6 15.Rac1 
Nh7 16.b4 Ne6 17.Nxe6 Bxe6 18.Nd5 Ng5 19.Nf4 a5 20.b5 b6 21.Bd4 Bxd4+ 22.
Rxd4 Bh3 23.Nd5 Bxg2 24.Qxg2 Kg7 25.f4 Nh7 26.g4 Qd8 27.Rd3 Rc8 28.Rcd1 c6
29.Nc3 Qf6 30.Qf3 Qe6 31.Rxd6 Qxc4 32.bxc6 Rxc6 33.e5 Rec8 34.Rxc6 Rxc6 
35.Rd3 b5 36.a3 b4 37.axb4 axb4 38.Ne4 Ra6 39.f5 Ra1+ 40.Kg2 Qc1 41.fxg6 
Qh1+ 42.Kg3 Rg1+ 43.Kh3 Qxf3+ 44.Rxf3 Kxg6 45.Rb3 Ng5+ 46.Nxg5 Kxg5 47.
Rxb4 Re1 48.Rb7 Rxe5 49.Rxf7 Re3+ 50.Kg2 Kxg4 1/2-1/2

[Event "2nd EUR-ch (w)"]
[Site "Warsaw POL"]
[Date "2001.04.23"]
[Round "2.44"]
[White "Ciuksyte, Dagne"]
[Black "Stiazhkina, Olga"]
[Result "0-1"]
[WhiteElo "2217"]
[BlackElo "2346"]
[EventDate "2001.04.21"]
[PlyCount "52"]

1.e4 e6 2.d4 d5 3.Nd2 dxe4 4.Nxe4 Nf6 5.Bd3 Nbd7 6.Qe2 Be7 7.Nf3 O-O 8.O-O
b6 9.Ne5 Bb7 10.Ng5 h6 11.Nexf7 Rxf7 12.Nxe6 Qc8 13.Bg6 Nf8 14.Bxf7+ Kxf7 
15.Nxg7 Qd7 16.Nh5 Ng6 17.Nxf6 Bxf6 18.c3 Rg8 19.Qh5 Ke7 20.Qxh6 Qf5 21.f3
Nh4 22.Qf4 Rxg2+ 23.Kh1 Qxf4 24.Bxf4 Rxb2 25.Rae1+ Kd7 26.Be3 Ng2 0-1

[Event "2nd EUR-ch (w)"]
[Site "Warsaw POL"]
[Date "2001.04.23"]
[Round "2.45"]
[White "Voiska, Margarita"]
[Black "Ciuksyte, Zivile"]
[Result "1-0"]
[WhiteElo "2320"]
[BlackElo "2150"]
[EventDate "2001.04.21"]
[PlyCount "105"]

1.c4 e5 2.Nc3 Nf6 3.g3 c6 4.Bg2 d5 5.cxd5 cxd5 6.d3 d4 7.Ne4 Nxe4 8.Bxe4 
Na6 9.Bg2 Bb4+ 10.Bd2 Qa5 11.Nf3 Be6 12.O-O f6 13.a3 Bxd2 14.Nxd2 Bd5 15.
Nc4 Qd8 16.Qa4+ Ke7 17.Bxd5 Qxd5 18.b4 Nc7 19.e4 Qd7 20.Qd1 Nb5 21.f4 Nc3 
22.Qh5 g6 23.Qh6 exf4 24.Rae1 b5 25.Rxf4 Rag8 26.Na5 Qe6 27.Nb7 Nd5 28.Rc1
Nxf4 29.Rc7+ Ke8 30.Qxf4 Qe5 31.Nd6+ Kd8 32.Nf7+ Kxc7 33.Nxe5 fxe5 34.
Qxe5+ Kb6 35.Qc5+ Kb7 36.Qxb5+ Ka8 37.Qd5+ Kb8 38.Qxd4 Rd8 39.Qe5+ Ka8 40.
d4 Rhe8 41.Qc5 Rc8 42.Qd5+ Kb8 43.e5 Rcd8 44.Qb5+ Kc7 45.Qc4+ Kb8 46.e6 
Rc8 47.Qb5+ Kc7 48.Qe5+ Kb7 49.d5 Rf8 50.e7 Rfe8 51.d6 Rc1+ 52.Kg2 Kc6 53.
Qe6 1-0

[Event "2nd EUR-ch (w)"]
[Site "Warsaw POL"]
[Date "2001.04.23"]
[Round "2.47"]
[White "Just, Anita"]
[Black "Kosintseva, Nadezhda"]
[Result "1/2-1/2"]
[WhiteElo "2061"]
[BlackElo "2289"]
[EventDate "2001.04.21"]
[PlyCount "119"]

1.e4 c5 2.Nf3 Nc6 3.d4 cxd4 4.Nxd4 g6 5.Nc3 Bg7 6.Be3 Nf6 7.Bc4 O-O 8.O-O 
d6 9.f3 Bd7 10.Qd2 Rc8 11.Bb3 a6 12.Nxc6 Bxc6 13.Rad1 b5 14.Ne2 Nd7 15.c3 
Ne5 16.Bd4 Ba8 17.Ng3 Qc7 18.Qe2 Nc4 19.Kh1 e5 20.Bf2 Rfd8 21.Rfe1 d5 22.
exd5 Bxd5 23.Ne4 Qe7 24.Ng3 f5 25.Nf1 Qf7 26.Bh4 Rd7 27.Bg5 h6 28.Bh4 g5 
29.Bf2 Rcd8 30.Qc2 e4 31.fxe4 Bxe4 32.Rxd7 Rxd7 33.Qc1 Qd5 34.Ne3 Qc6 35.
Bc2 Bxc2 36.Nxc2 Rd2 37.Kg1 Qd6 38.b3 Ne5 39.Nd4 Rxf2 40.Rxe5 Rf4 41.Re8+ 
Kf7 42.Re1 Bxd4+ 43.cxd4 Rxd4 44.Qc8 Rd1 45.Qxf5+ Kg7 46.Qf2 Rxe1+ 47.Qxe1
Qd4+ 48.Kf1 Qf4+ 49.Kg1 Kf6 50.Qc3+ Qe5 51.Qc6+ Qe6 52.Qf3+ Kg6 53.Qd3+ 
Kf7 54.Qf3+ Kg8 55.Qd1 Kg7 56.Qd4+ Kf7 57.Qd1 Qb6+ 58.Kf1 Qf6+ 59.Kg1 Qe5 
60.Qd7+ 1/2-1/2